000 00696nam a22001815i 4500
001 154016
003 ES-MaACL
005 20250814054352.0
008 040903s1890 sp |||| | spa d
040 _aCAM
_bspa
_cCAM
245 0 0 _aFamilia universal
_b: circular /
_cC. Kadosch y compañia, Cooperativa Nacional Española.
260 _aMadrid :
_b[s.n.],
_c1890 (
_fImprenta de Moreno y Rojas)
300 _a46 p. ;
_c18 cm.
594 _aPrelim. firmados por J. Lerso y Ramo y texto por José Alejandro March.
610 2 4 _aMasonería
_95658
852 _aES-MaACL
_jT-593-F-2
_z-- Enc. hol. conservando la cub. original
_z-- Enc. en un vol. facticio
999 _c154016
_d154016